|
|
|
|
| LEADER |
00000ny a22000003n 4500 |
| 005 |
2011051100020.0 |
| 007 |
t| |
| 008 |
091221s us 000 eng d |
| 022 |
0 |
|
|a 0199-4646
|
| 035 |
|
|
|a 3026
|
| 040 |
|
|
|a DLC
|c PPiU
|d vLex
|
| 050 |
0 |
0 |
|a K6
|b .O73
|
| 050 |
0 |
0 |
|a KF5300.A15
|b F67
|
| 050 |
0 |
0 |
|a KF5300.A15
|b F67
|
| 090 |
|
|
|c 1688
|d 1688
|
| 245 |
0 |
4 |
|a The Fordham urban law journal
|h [Recurso electrn̤ico]
|
| 256 |
|
|
|a Servicio en ln̕ea
|
| 260 |
|
|
|a New York :
|b Fordham University School of Law
|
| 310 |
|
|
|a Bimestral
|
| 500 |
|
|
|a "Edited by the students of the Fordham University School of Law."
|
| 506 |
1 |
|
|a Contenido solo disponible en los productos indicados
|d vLex Global
|d vLex Global (Academic Edition, excluding Law Schools)
|d vLex Global (Academic Edition, Law Schools)
|
| 650 |
0 |
4 |
|a Urbanismo
|x Derecho
|z Estados Unidos
|x Publicaciones perid̤icas
|
| 650 |
0 |
4 |
|a Law
|
| 710 |
2 |
|
|a Fordham University.
|b School of Law
|
| 740 |
0 |
|
|a vLex Revista (Servicios en ln̕ea)
|
| 843 |
|
|
|a Electrn̤ica. Abierta
|
| 853 |
|
|
|8 1
|i (year)
|j (month)
|k (day)
|
| 856 |
4 |
0 |
|u http://vlex.com/source/3026
|z Acceso restringido
|
| 942 |
|
|
|c REV
|
| 999 |
|
0 |
|a Law
|v Periodicals.
|
| 999 |
|
0 |
|a Law
|z New York (State)
|v Periodicals.
|